|
|
|
|
| LEADER |
00000naa2a2200000 4500 |
| 001 |
112184 |
| 005 |
20231101215038.0 |
| 035 |
|
|
|a (RuTPU)RU\TPU\book\121286
|
| 090 |
|
|
|a 112184
|
| 100 |
|
|
|a 20070323d2003 k y0rusy50 ca
|
| 101 |
0 |
|
|a rus
|
| 102 |
|
|
|a RU
|
| 200 |
1 |
|
|a Некоторые теоретические подходы к описанию полиморфных превращений
|f Е. П. Теслева
|
| 320 |
|
|
|a Библиогр.: 3 назв.
|
| 463 |
|
0 |
|0 (RuTPU)RU\TPU\book\63552
|y 5-98298-035-8
|t Прогрессивные технологии и экономика в машиностроении
|o Труды Всероссийской научно-практической конференции, Юрга, 24-25 апреля 2003 г.
|f Томский политехнический университет; Филиал ТПУ в Юрге; отв. ред. Б. Г. Долгун
|v С. 315-317
|d 2003
|p 374 с.
|
| 610 |
1 |
|
|a полиморфные превращения
|
| 610 |
1 |
|
|a фазовые переходы
|
| 610 |
1 |
|
|a уравнения Пиппарда
|
| 610 |
1 |
|
|a теория Ландау
|
| 610 |
1 |
|
|a теория превращений
|
| 610 |
1 |
|
|a труды учёных ТПУ
|
| 700 |
|
1 |
|a Теслева
|b Е. П.
|c физик
|c доцент Юргинского технологического института (филиала) Томского политехнического университета, кандидат физико-математических наук
|f 1976-
|g Елена Павловна
|2 stltpush
|3 (RuTPU)RU\TPU\pers\25111
|9 11214
|
| 801 |
|
1 |
|a RU
|b 63413507
|c 20070323
|g PSBO
|
| 801 |
|
2 |
|a RU
|b 63413507
|c 20160808
|g RCR
|
| 942 |
|
|
|c BK
|